000 00821nas a22001937i 4500
001 5778
003 OSt
005 20170126082349.0
007 tu
008 161220s xxu||||| |||| 00| 0 d
024 7 _a5778
_2RID
024 7 _a5778
_2RSN (alt)
040 _cOSt
245 0 0 _aThe Review of Income and Wealth
_bJournal of the International Association for Research in income and wealth
260 _aBristol :
_bInternational Association for Research in Income and Wealth.
110 2 _aInternational Association for Research in Income and Wealth
866 0 _u1977 23/1 - 1991 37/2 (unvollständig)
866 0 _uBestände unvollständig<br><br>vorhanden:<br>1977 23/1, 4<br>1978 24/1-4<br>1979 25 - 1989 35 (gebunden)<br>1990 36/1, 4<br>1991 37/2<br><br>fehlende Bestände:<br>1977 23/2-3<br>1990 36/2-3<br>1991 37/1, 3-4
942 _cJ
999 _c5515
_d5515